书目信息 |
| 题名: |
风沙区生态防护林营造研究与示范推广技术指南
|
|
| 作者: | 房用 主编 | |
| 分册: | ||
| 出版信息: | 北京 中国环境科学出版社 2010.02 |
|
| 页数: | 190页 | |
| 开本: | 23cm | |
| 丛书名: | ||
| 单 册: | ||
| 中图分类: | S727.23 | |
| 科图分类: | ||
| 主题词: | 固沙造林--研究--山东 , 固沙造林 | |
| 电子资源: | ||
| ISBN: | 978-7-5111-0343-7 | |
| 000 | 01070nam0 22002531 45 | |
| 001 | 512 | |
| 005 | 20120604093536.39 | |
| 010 | @a978-7-5111-0343-7@dCNY35.00 | |
| 100 | @a20120328d2010 em y0chiy0110 ea | |
| 101 | 0 | @achi |
| 102 | @aCN@b110000 | |
| 105 | @aa z 000yy | |
| 106 | @ar | |
| 200 | 1 | @a风沙区生态防护林营造研究与示范推广技术指南@AFeng Sha Qu Sheng Tai Fang Hu Lin Ying Zao Yan Jiu Yu Shi Fan Tui Guang Ji Shu Zhi Nan@f房用[等]主编@FFang Yong [ Deng ] Zhu Bian |
| 210 | @a北京@c中国环境科学出版社@d2010.02 | |
| 215 | @a190页@c图@d23cm | |
| 304 | @a主编还有:王月海、梁玉、杨吉华 | |
| 330 | @a本书针对影响项目整体水平提高的各种技术间衔接问题,从项目的立项入手,立足于技术研究总结、技术培训总结及多媒体制作汇报环节,拓展各项目县的整体技术思路,提高推广人员科技水平,通过本项目的中期验收总结及多媒体展示,指导风沙区生态防护林造林及高效经营推广项目的全面进行。 | |
| 606 | 0 | @a固沙造林@x研究@y山东 |
| 606 | 0 | @a固沙造林 |
| 690 | @aS727.23@v4 | |
| 701 | 0 | @a房用@AFang Yong@4主编 |
| 801 | 0 | @aCN@bTSTCL@c20120328 |
| 905 | @b0814364-70@dS727.23@e50@f7 | |
| 风沙区生态防护林营造研究与示范推广技术指南/房用[等]主编.-北京:中国环境科学出版社,2010.02 |
| 190页:图;23cm |
| ISBN 978-7-5111-0343-7:CNY35.00 |
| 本书针对影响项目整体水平提高的各种技术间衔接问题,从项目的立项入手,立足于技术研究总结、技术培训总结及多媒体制作汇报环节,拓展各项目县的整体技术思路,提高推广人员科技水平,通过本项目的中期验收总结及多媒体展示,指导风沙区生态防护林造林及高效经营推广项目的全面进行。 |
| ● |
| 相关链接 |
|
|
|
|
正题名:风沙区生态防护林营造研究与示范推广技术指南
索取号:S727.23/50
 
预约/预借
| 序号 | 登录号 | 条形码 | 馆藏地/架位号 | 状态 | 备注 |
| 1 | 0814364 | 208143640 | 第二样本阅览室/ [索取号:S727.23/50] | 在馆 | |
| 2 | 0814365 | 208143659 | 第三借阅区/ [索取号:S727.23/50] | 在馆 | |
| 3 | 0814366 | 208143668 | 第三借阅区/ [索取号:S727.23/50] | 在馆 | |
| 4 | 0814367 | 208143677 | 第三借阅区/ [索取号:S727.23/50] | 在馆 | |
| 5 | 0814368 | 208143686 | 第三借阅区/ [索取号:S727.23/50] | 在馆 | |
| 6 | 0814369 | 208143695 | 密集书库/ [索取号:S727.23/50] | 在馆 | |
| 7 | 0814370 | 208143702 | 密集书库/ [索取号:S727.23/50] | 在馆 |